Handbook of mathematical formulas and integrals / (Record no. 342822)

000 -LEADER
fixed length control field 02791 a2200361 4500
020 ## - INTERNATIONAL STANDARD BOOK NUMBER
International Standard Book Number 0123825806
020 ## - INTERNATIONAL STANDARD BOOK NUMBER
International Standard Book Number 9780123825803
082 04 - DEWEY DECIMAL CLASSIFICATION NUMBER
Classification number 510.212
090 ## - LOCALLY ASSIGNED LC-TYPE CALL NUMBER (OCLC); LOCAL CALL NUMBER (RLIN)
-- 250
-- 250
100 1# - MAIN ENTRY--PERSONAL NAME
Personal name Jeffrey, Alan.
245 10 - TITLE STATEMENT
Title Handbook of mathematical formulas and integrals /
Statement of responsibility, etc. Alan Jeffrey.
250 ## - EDITION STATEMENT
Edition statement 1st ed.
260 ## - PUBLICATION, DISTRIBUTION, ETC.
Place of publication, distribution, etc. [S.l.] :
Name of publisher, distributor, etc. Academic Press,
Date of publication, distribution, etc. 1995.
300 ## - PHYSICAL DESCRIPTION
Extent 448 p. ;
Dimensions 23 cm.
500 ## - GENERAL NOTE
General note Paperback.
520 ## - SUMMARY, ETC.
Summary, etc. If there is a formula to solve a given problem in mathematics, you will find it in Alan Jeffrey's Handbook of Mathematical Formulas and Integrals . Thanks to its unique thumb-tab indexing feature, answers are easy to find based upon the type of problem they solve. The Handbook covers important formulas, functions, relations, and methods from algebra, trigonometric and exponential functions, combinatorics, probability, matrix theory, calculus and vector calculus, both ordinary and partial differential equations, Fourier series, orthogonal polynomials, and Laplace transforms. Based on Gradshteyn and Ryzhik's Table of Integrals, Series, and Products, Fifth Edition (edited by Jeffrey), but far more accessible and written with particular attention to the needs of students and practicing scientists and engineers, this book is an essential resource. Affordable and authoritative, it is the first place to look for help and a rewarding place to browse. Special thumb-tab index throughout the book for ease of use Answers are keyed to the type of problem they solve Formulas are provided for problems across the entire spectrum of Mathematics All equations are sent from a computer-checked source code Companion to Gradshteyn: Table of Integrals, Series, and Products, Fifth Edition The following features make the Handbook a Better Value than its Competition: Less expensive More comprehensive Equations are computer-validated with Scientific WorkPlace(tm) and Mathematica(r) Superior quality from one of the most respected names in scientific and technical publishing Offers unique thumb-tab indexing throughout the book which makes finding answers quick and easy.
650 #4 - SUBJECT ADDED ENTRY--TOPICAL TERM
Topical term or geographic name entry element Science/Mathematics.
650 #4 - SUBJECT ADDED ENTRY--TOPICAL TERM
Topical term or geographic name entry element Mathematics (General)
650 #4 - SUBJECT ADDED ENTRY--TOPICAL TERM
Topical term or geographic name entry element Calculus & mathematical analysis.
650 #4 - SUBJECT ADDED ENTRY--TOPICAL TERM
Topical term or geographic name entry element Mathematics for scientists & engineers.
650 #4 - SUBJECT ADDED ENTRY--TOPICAL TERM
Topical term or geographic name entry element Maths for engineers.
650 #4 - SUBJECT ADDED ENTRY--TOPICAL TERM
Topical term or geographic name entry element Maths for scientists.
650 #4 - SUBJECT ADDED ENTRY--TOPICAL TERM
Topical term or geographic name entry element Mathematics.
650 #4 - SUBJECT ADDED ENTRY--TOPICAL TERM
Topical term or geographic name entry element General.
650 #4 - SUBJECT ADDED ENTRY--TOPICAL TERM
Topical term or geographic name entry element Formulae.
650 #4 - SUBJECT ADDED ENTRY--TOPICAL TERM
Topical term or geographic name entry element Tables.
650 #4 - SUBJECT ADDED ENTRY--TOPICAL TERM
Topical term or geographic name entry element Mathematics / General.
650 #4 - SUBJECT ADDED ENTRY--TOPICAL TERM
Topical term or geographic name entry element Mathematics / Reference.
650 #4 - SUBJECT ADDED ENTRY--TOPICAL TERM
Topical term or geographic name entry element Reference.
856 40 - ELECTRONIC LOCATION AND ACCESS
Materials specified Amazon.com
Uniform Resource Identifier <a href="http://www.amazon.com/exec/obidos/ASIN/0123825806/chopaconline-20">http://www.amazon.com/exec/obidos/ASIN/0123825806/chopaconline-20</a>
856 40 - ELECTRONIC LOCATION AND ACCESS
Materials specified Amazon customer reviews
Uniform Resource Identifier <a href="http://www.chopac.org/cgi-bin/tools/azrev.pl?q=0123825806">http://www.chopac.org/cgi-bin/tools/azrev.pl?q=0123825806</a>
942 ## - ADDED ENTRY ELEMENTS (KOHA)
Institution code [OBSOLETE] NBS
Koha item type Book
Call number prefix 510.212 JEF
Holdings
Withdrawn status Lost status Damaged status Not for loan Permanent Location Current Location Date acquired Total Checkouts Full call number Barcode Date last seen Date last checked out Price effective from Koha item type
        Central Library (CL) Central Library (CL) 08/28/2013 1 510.212 JEF NBS422 04/25/2024 08/24/2017 08/28/2013 Reference
© 2023 Central Library, National University of Sciences and Technology. All Rights Reserved.